Normale Ansicht MARC-Ansicht ISBD

Russian modernity : (Titelsatznr. 57793)

[ MARC ]
MARC-Details
000 -Satzkennung
Kontrollfeld mit fester Länge 01633nam a2200421 i 4500
001 - Kontrollnummer
Kontrollfeld EBC6285493
003 - Kontrollnummer Identifier
Kontrollfeld MiAaPQ
005 - Datum und Zeit der letzten Transaktion
Kontrollfeld 20211005210524.0
007 - Feld mit fester Länge zur physischen Beschreibung - Allgemeine Information
Kontrollfeld mit fester Länge cr cnu||||||||
008 - Feld mit fester Länge zur physischen Beschreibung - Allgemeine Angaben
Kontrollfeld mit fester Länge 201212s2000 enk o 000 0 eng d
020 ## - Internationale Standardbuchnummer
Gelöschte/ungültige ISBN 9780333753323
020 ## - Internationale Standardbuchnummer
Internationale Standardbuchnummer 9780230288126 (e-book)
040 ## - Katalogisierungsquelle
Original-Katalogisierungsstelle MiAaPQ
Katalogisierungssprache eng
Übertragungsstelle MiAaPQ
041 ## - Sprachcode
Sprachcode des Textes/der Tonspur oder des separaten Titels eng
245 00 - Titel
Titel Russian modernity :
Zusatz zum Titel politics, knowledge, practices /
Verfasserangabe etc. edited by David L. Hoffmann and Yanni Kotsonis.
264 #1 - Produktion, Veröffentlichung, Distribution, Herstellung und Urheberrechtsvermerk
Herstellungs-, Veröffentlichungs- Vertriebs-, Erzeugungsort Basingstoke, Hampshire ;
-- New York, New York :
Produzent, Herausgeber, Distributor, Hersteller Macmillan Press Ltd :
-- St. Martin's Press, Inc.,
Datum der Herstellung, der Veröffentlichung, des Vertriebs oder des Urheberschutzvermerks [2000]
264 #4 - Produktion, Veröffentlichung, Distribution, Herstellung und Urheberrechtsvermerk
Datum der Herstellung, der Veröffentlichung, des Vertriebs oder des Urheberschutzvermerks ©2000
300 ## - Physische Beschreibung
Umfang 1 online resource (viii, 279 pages)
336 ## - Inhaltstyp
Inhaltstypterm Text
Inhaltstypcode txt
Quelle rdacontent
337 ## - Medientyp
Bezeichnung des Medientyps Computermedien
Medientypcode c
Quelle rdamedia
338 ## - Datenträgertyp
Datenträgertypbezeichnung Online Resource
Datenträgertypcode cr
Quelle rdacarrier
500 ## - Allgemeine Fußnote
Allgemeine Fußnote E-Book-ProQuest / Fernzugriff nach Registrierung möglich
648 ## - Nebeneintragung unter einem Schlagwort - Zeitschlagwort
Zeitschlagwort 1800-1950
650 ## - Nebeneintragung unter einem Schlagwort - Sachschlagwort
Sachschlagwort oder geografischer Name als Eintragungselement Sozialgeschichte
650 ## - Nebeneintragung unter einem Schlagwort - Sachschlagwort
Sachschlagwort oder geografischer Name als Eintragungselement Geschichtstheorie
650 ## - Nebeneintragung unter einem Schlagwort - Sachschlagwort
Sachschlagwort oder geografischer Name als Eintragungselement Moderne
651 ## - Nebeneintragung unter einem Schlagwort - Geografischer Name
Geografischer Name Russland
651 ## - Nebeneintragung unter einem Schlagwort - Geografischer Name
Geografischer Name Sowjetunion
655 #4 - Indexierungsterm - Genre/Form
Genre/Form oder fokussierter Term
655 ## - Indexierungsterm - Genre/Form
Genre/Form oder fokussierter Term Fernzugriff
700 1# - Nebeneintragung - Personenname
Personenname Hoffmann, David L.
Vollständige Form eines Namens (David Lloyd),
Datumsangaben in Verbindung mit einem Namen 1961-
Funktionsbezeichnung editor.
700 1# - Nebeneintragung - Personenname
Personenname Kotsonis, Yanni,
Datumsangaben in Verbindung mit einem Namen 1962-
Funktionsbezeichnung editor.
776 08 - Andere physische Form
Verweisungsphrase Print version:
Titel Russian modernity : politics, knowledge, practices.
Ort, Verlag und Erscheinungsjahr Basingstoke, Hampshire ; New York, New York : Macmillan Press Ltd ; St. Martin's Press, Inc., c2000
Physische Beschreibung viii, 279 pages
Internationale Standardbuchnummer 9780333753323
856 40 - Elektronische Adresse und Zugriff
URL <a href="https://ebookcentral.proquest.com/lib/maxweberstiftung-ebooks/detail.action?docID=6285493">https://ebookcentral.proquest.com/lib/maxweberstiftung-ebooks/detail.action?docID=6285493</a>
OPAC-Notiz Volltext
942 ## - Zusätzliche Felder (Koha)
Koha-Medientyp E-Books
Klassifikation oder Aufstellungssystematik Andere/Generische Klassifikation
Exemplare
Ausgeschieden Verloren Klassifikation oder Aufstellungssystematik Beschädigt Nicht entleihbar Heimatbibliothek Aufenthaltsbibliothek Aufstellungsort Erwerbungsdatum Inventarnummer Signatur Barcode Letzte Aktivität Preis gültig von Koha-Medientyp
    Andere/Generische Klassifikation     MWN Osteuropa MWN Osteuropa Online-Ressource 28/09/2021 21-e01056 E-21-e01056 58086 28/09/2021 28/09/2021 E-Books